000 00434nam a2200145 i 4500
001 142289
003 ES-MaACL
007 t|
008 071004s1982 sp ||||1| spa d
100 1 _aVilla Pastur, Jesús.
_9114889
245 1 0 _aInocencio Urbina
_b: ensayo crítico-biográfico /
_cPor J. Villa Pastur.
260 _aMieres :
_bGrupo Iris,
_c1982.
300 _a110 p. :
_bil. ;
_c24 cm.
852 _aES-MaACL
_jL-4789
_bR.105057
999 _c142289
_d142289